Моделирование электромагнитного поля дефектоскопического внутритрубного снаряда методом конечных элементов; Известия Томского политехнического университета [Известия ТПУ]; Неразрушающий контроль и диагностика

Opis bibliograficzny
Parent link:Томский политехнический университет. Известия Томского политехнического университета [Известия ТПУ]/ Томский политехнический университет (ТПУ).— .— Томск: Изд-во ТПУ, 1998-2015.— 1684-8519
Неразрушающий контроль и диагностика.— 2008.— [С. 230-239]
Kolejni autorzy: Сурков А. С., Kloster A., Kroening H. M. V. A. Hans Michael Wilhelm Adolf, Dobmann G., Сурков А. А.
Streszczenie:Заглавие с титульного листа
Электронная версия печатной публикации
Język:rosyjski
Wydane: 2008
Seria:Электромагнитный контроль
Hasła przedmiotowe:
Dostęp online:http://www.lib.tpu.ru/fulltext/v/Bulletin_TPU/2008/v312/i2app/43.pdf
Format: MixedMaterials Elektroniczne Rozdział
KOHA link:https://koha.lib.tpu.ru/cgi-bin/koha/opac-detail.pl?biblionumber=173060

MARC

LEADER 00000naa2a2200000 4500
001 173060
005 20240613105333.0
035 |a (RuTPU)RU\TPU\book\187716 
035 |a RU\TPU\book\187710 
090 |a 173060 
100 |a 20091218d2008 k y0rusy50 ca 
101 0 |a rus 
102 |a RU 
135 |a drnn ---uucaa 
181 0 |a i  
182 0 |a b 
200 1 |a Моделирование электромагнитного поля дефектоскопического внутритрубного снаряда методом конечных элементов  |f А. С. Сурков [и др.] 
203 |a Текст  |c электронный 
215 |a 1 файл (9.8 Мб) 
225 1 |a Электромагнитный контроль 
300 |a Заглавие с титульного листа 
300 |a Электронная версия печатной публикации 
320 |a [Библиогр.: с. 239 (1 назв.)] 
337 |a Adobe Reader 
461 1 |0 162495  |t Известия Томского политехнического университета [Известия ТПУ]  |f Томский политехнический университет (ТПУ)  |d 1998-2015  |9 162495  |a Томский политехнический университет  |c Томск  |n Изд-во ТПУ  |x 1684-8519 
463 1 |0 172956  |t Неразрушающий контроль и диагностика  |d 2008  |p 418 с.  |9 172956  |a Клименов, В. А. (российский ученый, специалист в области неразрушающего контроля ; 1951-)  |o Труды Международной научно-технической конференции, Томск 2008 г.  |v [С. 230-239] 
610 1 |a электромагнитное поле 
610 1 |a моделирование 
610 1 |a метод конечных элементов 
610 1 |a дефектоскопические снаряды 
610 1 |a трубопроводы 
610 1 |a дефекты 
610 1 |a контроль 
610 1 |a труды учёных ТПУ 
610 1 |a электронный ресурс 
701 1 |a Сурков  |b А. С. 
701 1 |a Kloster  |b A. 
701 1 |a Kroening  |b H. M. V. A.  |c specialist in the field of non-destructive testing  |c leading researcher of Tomsk Polytechnic University  |f 1944-  |g Hans Michael Wilhelm Adolf  |3 (RuTPU)RU\TPU\pers\36306 
701 1 |a Dobmann  |b G. 
701 1 |a Сурков  |b А. А. 
801 1 |a RU  |b 63413507  |c 20090401  |g PSBO 
801 2 |a RU  |b 63413507  |c 20191022  |g RCR 
856 4 |u http://www.lib.tpu.ru/fulltext/v/Bulletin_TPU/2008/v312/i2app/43.pdf 
942 |c CF